000 00387nam a2200157Ia 4500
003 0STCL
008 150530s9999 xx 000 0 und d
040 _aSTCL
_cSTCL
100 _aCalicut University
245 _aChemistry text book for pree degree part-2
260 _bCalicut University
_c1988
546 _aEnglish
942 _2ddc
_cBK
999 _c32130
_d32130
005 20220125170236.0